[Event "Havana Province zt"]
[Site "Havana"]
[Date "2010.02.22"]
[Round "3"]
[White "Menendez Feria, Victor Manuel"]
[Black "Torrez Uriarte, Reinier"]
[Result "0-1"]
[WhiteElo "2080"]
[BlackElo "1993"]
[PlyCount "134"]
[EventDate "2010.02.20"]
[EventType "swiss"]
[EventRounds "9"]
[EventCountry "CUB"]
[SourceTitle "EXT 2011"]
[Source "ChessBase"]
[SourceDate "2010.11.26"]
[SourceVersion "1"]
[SourceVersionDate "2010.11.26"]
[SourceQuality "1"]

1. d4 d5 2. Nf3 Nf6 3. c4 e6 4. Bg5 Be7 5. e3 c6 6. Nc3 Nbd7 7. Rc1 0-0 8. Bd3 dxc4 9. Bxc4 Nd5 10. Bxe7 Qxe7 11. e4 Nxc3 12. Rxc3 e5 13. dxe5 Nxe5 14. Nxe5 Qxe5 15. Qc2 Be6 16. Bd3 Rad8 17. 0-0 Qf4 18. g3 Qh6 19. f4 Bh3 20. Rd1 Qh5 21. Be2 Bg4 22. Bxg4 Qxg4 23. Rcd3 Rxd3 24. Qxd3 Qe6 25. b3 Re8 26. Kf2 h6 27. Kf3 Qh3 28. Rd2 h5 29. Qd7 Qf1+ 30. Rf2 Qh1+ 31. Rg2 Rf8 32. Qd4 b6 33. b4 g6 34. Qg1 Qxg1 35. Rxg1 Rd8 36. Ke3 Kf8 37. Rc1 Rc8 38. Kd4 Ke7 39. h3 Kd6 40. e5+ Ke6 41. g4 hxg4 42. hxg4 Ke7 43. Rc2 Kd7 44. Ke4 Ke6 45. f5+ gxf5+ 46. gxf5+ Ke7 47. a4 Rc7 48. Rc3 Rc8 49. f6+ Kd7 50. Kd4 Ke6 51. Ke4 Kd7 52. Kd4 Rg8 53. Re3 Rg4+ 54. Kc3 Ke6 55. Re2 c5 56. bxc5 bxc5 57. Kb3 Rg5 58. Kc4 Rxe5 59. Rxe5+ Kxe5 60. Kxc5 Kxf6 61. Kd6 Kg5 62. Kc6 f5 63. Kb7 f4 64. Kxa7 f3 65. a5 f2 66. a6 f1Q 67. Kb7 Qb5+ 0-1

[Event "Havana del Este"]
[Site "Havana"]
[Date "2009.09.27"]
[Round "20"]
[White "Fuentes Garcia, Diosbel Enrique"]
[Black "Torrez Uriarte, Reinier"]
[Result "1/2-1/2"]
[WhiteElo "2104"]
[BlackElo "1789"]
[PlyCount "73"]
[EventDate "2009.09.08"]
[EventType "tourn"]
[EventRounds "22"]
[EventCountry "CUB"]
[SourceTitle "EXT 2011"]
[Source "ChessBase"]
[SourceDate "2010.11.26"]
[SourceVersion "1"]
[SourceVersionDate "2010.11.26"]
[SourceQuality "1"]

1. d4 d5 2. c4 e6 3. Nc3 Nf6 4. cxd5 exd5 5. Bg5 Be7 6. e3 c6 7. Qc2 Nbd7 8. Bd3 0-0 9. Nge2 Re8 10. 0-0 Nf8 11. Bxf6 Bxf6 12. b4 a6 13. a4 g6 14. b5 a5 15. Nc1 Be7 16. Nb3 f5 17. Ne2 Bd7 18. Nc5 Bxc5 19. Qxc5 Ne6 20. Qd6 Qc7 21. Qxc7 Nxc7 22. bxc6 bxc6 23. Rab1 Reb8 24. Rxb8+ Rxb8 25. Rb1 Rxb1+ 26. Bxb1 c5 27. dxc5 Bxa4 28. Ba2 Bb5 29. Nc3 Bc4 30. Bxc4 dxc4 31. Kf1 Kf7 32. Ke2 Ke6 33. Kd2 Kd7 34. Na4 Kc6 35. Kc3 Kb5 36. Nb6 Kxc5 37. Nxc4 1/2-1/2

[Event "Havana del Este"]
[Site "Havana"]
[Date "2009.09.16"]
[Round "9"]
[White "Torrez Uriarte, Reinier"]
[Black "Fuentes Garcia, Diosbel Enrique"]
[Result "1-0"]
[WhiteElo "1789"]
[BlackElo "2104"]
[PlyCount "47"]
[EventDate "2009.09.08"]
[EventType "tourn"]
[EventRounds "22"]
[EventCountry "CUB"]
[SourceTitle "EXT 2011"]
[Source "ChessBase"]
[SourceDate "2010.11.26"]
[SourceVersion "1"]
[SourceVersionDate "2010.11.26"]
[SourceQuality "1"]

1. e4 d6 2. Nf3 Nf6 3. Nc3 e5 4. d4 Nbd7 5. Bc4 Be7 6. h3 c6 7. dxe5 dxe5 8. Qe2 b5 9. Bd3 a6 10. a4 Bb7 11. 0-0 0-0 12. Nd1 Qc7 13. Ne3 g6 14. Nh2 Nc5 15. Neg4 Nxg4 16. Nxg4 Nxa4 17. f4 exf4 18. Bxf4 Qb6+ 19. Kh1 Nxb2 20. Be5 h5 21. Qd2 hxg4 22. Qh6 f6 23. Qxg6+ Kh8 24. Rf5 1-0